Flags of separatist states (past, present and future) - Statistics

General Stats
  • This quiz has been taken 283 times
    90 since last reset
  • The average score is 26 of 44
Answer Stats
Picture Hint Answer % Correct
Cyprus (1974/83-) Northern Cyprus
95%
Somalia (1991-) Somaliland
94%
Moldova (1992-) Transnistria
91%
Georgia (2008-) Abkhazia
85%
United Kingdom Scotland
85%
Georgia (2008-) South Ossetia
85%
Spain Catalonia
80%
Spain Basque Country
79%
Denmark Greenland
79%
Iraq, Turkey Kurdistan
79%
China Tibet
79%
Belgium Flanders
76%
Canada Quebec
76%
Denmark Faroe Islands
74%
France Corsica
73%
United States (1861-65) Confederate States of America
71%
France Brittany
67%
Russia (1994-96) Chechnya / "Ichkeria"
67%
China East Turkestan
67%
China (1932-45) Manchukuo
64%
Ukraine (2014-22) Donetsk People's Republic
61%
Ukraine (2014-22) Luhansk People's Republic
61%
Azerbaijan (1991-2023) Nagorno-Karabakh / "Artsakh"
61%
Cameroon (2017-) Ambazonia
56%
Nigeria (1967-70) Biafra
56%
Papua New Guinea Bougainville
56%
Sri Lanka Tamil Eelam
56%
Bosnia and Herzegovina (1992-95) Republika Srpska
53%
India, Pakistan Kashmir
52%
Pakistan, Iran Balochistan
50%
Algeria Kabylie (a Berber state)
45%
India Khalistan
45%
Indonesia West Papua
45%
Indonesia Aceh
42%
Mali (north) Azawad (Tuareg state)
41%
Angola Cabinda
39%
Philippines Bangsamoro
36%
Congo (1960-63) Katanga
35%
Italy (north) Padania
35%
South Africa Volkstaat (Afrikaner nationalism)
26%
Indonesia (1950-63) Republic of South Maluku/Moluccas
21%
Iran (1945-46) Azerbaijan People's Government
20%
Iran (1946) Republic of Mahabad
17%
Congo (1960-62) South Kasai
14%
No matching quizzes found
Score Distribution
Percent of People with Each Score
Percentile by Number Answered
Your Score History
You have not taken this quiz since the last reset